|
|
|
|
| LEADER |
02203nam a2200337 u 4500 |
| 001 |
10119300 |
| 003 |
GR-PaULI |
| 005 |
20210117205748.0 |
| 008 |
160301s2006 gr gre d |
| 952 |
|
|
|0 0
|1 0
|2 ddc
|4 0
|6 372_660000000000000_ΑΝΑ
|7 0
|9 189807
|a THST
|b THST
|d 2016-04-24
|i 008189
|l 0
|o 372.66 ΑΝΑ
|p 025000138119
|r 2016-04-24 00:00:00
|t 1
|v 2016.00
|w 2016-04-24
|y BK15
|
| 952 |
|
|
|0 0
|1 0
|2 ddc
|4 0
|6 372_660000000000000_ΑΝΑ
|7 0
|9 230512
|a THST
|b THST
|d 2019-03-01
|i 007587
|l 0
|o 372.66 ΑΝΑ
|p 025000260012
|r 2019-03-01 00:00:00
|t 2
|v 2019.00
|w 2019-03-01
|y BK15
|
| 999 |
|
|
|c 116908
|d 116908
|
| 020 |
|
|
|a 9608731712
|
| 040 |
|
|
|a GR-PaULI
|c GR-PaULI
|
| 041 |
0 |
|
|a gre
|
| 082 |
1 |
4 |
|a 372.66
|2 22
|
| 110 |
1 |
0 |
|a Διεθνής Συνδιάσκεψη για το Θέατρο/Δράμα και τις Παραστατικές Τέχνες στην Εκπαίδευση
|n (1η :
|c Αθήνα, Ελλάδα :
|d 2000)
|9 149211
|
| 245 |
1 |
0 |
|a Αναζητώντας τη θέση του θεάτρου στη δευτεροβάθμια εκπαίδευση :
|b πρακτικά από τη 1η Διεθνή Συνδιάσκεψη για το Θέατρο στην Εκπαίδευση, Αθήνα 2000 /
|c επιμέλεια Νίκος Γκόβας & Φλώρα Κακλαμάνη.
|
| 246 |
1 |
3 |
|a Το θέατρο στην εκπαίδευση
|
| 250 |
|
|
|a 3η έκδ.
|
| 260 |
|
|
|a Αθήνα :
|b Πανελλήνιο Δίκτυο για το θέατρο στην Εκπαίδευση,
|c 2006,
|
| 300 |
|
|
|a 211 σ. :
|b εικ. ;
|c 29 εκ.
|
| 504 |
|
|
|a Περιέχει βιβλιογραφία: σ. 199-209
|
| 650 |
|
4 |
|a Θέατρο στην εκπαίδευση
|9 2014
|
| 650 |
|
4 |
|a Δράμα στην εκπαίδευση
|x Συνέδρια, ημερίδες, κτλ
|9 149190
|
| 650 |
|
4 |
|a Θέατρο
|x Εκπαίδευση και διδασκαλία
|x Συνέδρια, ημερίδες, κτλ
|9 149191
|
| 700 |
1 |
4 |
|a Γκόβας, Νίκος
|9 111073
|e επιμελητής
|
| 700 |
1 |
4 |
|a Κακλαμάνη, Φλώρα
|9 149212
|e επιμελήτρια
|
| 852 |
|
|
|a GR-PaULI
|b ΠΑΤΡΑ
|b ΘΕΑΤΡΟΛΟΓΙΑ
|k ΑΣΧΕ-3
|h 372.66 ΔΙΕ
|m 008189
|p 025000138119
|t 1
|
| 942 |
|
|
|2 ddc
|c BK15
|
| 998 |
|
|
|c ΜΑΝΙΑ
|d 2016-03
|